书目信息 |
| 题名: |
生态视角下城市空间规划与设计探索
|
|
| 作者: | 王云 , 徐晓晨 , 范印 著 | |
| 分册: | ||
| 出版信息: | 长春 吉林科学技术出版社 2024.08 |
|
| 页数: | 276页 | |
| 开本: | 24cm | |
| 丛书名: | ||
| 单 册: | ||
| 中图分类: | TU984.11 | |
| 科图分类: | ||
| 主题词: | 城市空间--cheng shi kong jian--空间规划--研究 | |
| 电子资源: | ||
| ISBN: | 978-7-5744-1696-3 | |
| 000 | 01322nam0 2200265 450 | |
| 001 | 89872 | |
| 005 | 20250815073414.05 | |
| 010 | @a978-7-5744-1696-3@dCNY88.00 | |
| 100 | @a20250506d2024 em y0chiy50 ea | |
| 101 | 0 | @achi |
| 102 | @aCN@b220000 | |
| 105 | @ay a 000yy | |
| 106 | @ar | |
| 200 | 1 | @a生态视角下城市空间规划与设计探索@Asheng tai shi jiao xia cheng shi kong jian gui hua yu she ji tan suo@f王云, 徐晓晨, 范印著 |
| 210 | @a长春@c吉林科学技术出版社@d2024.08 | |
| 215 | @a276页@d24cm | |
| 320 | @a有书目 (第274-276页) | |
| 330 | @a本书提出了在城市规划中融入生态系统的理念, 通过深刻理解生态原理, 提供了整合自然元素和可持续原则的具体方法。聚焦于绿地、水系、湿地的战略性地位, 论述了布局以及规划设计的生态策略, 揭示了各系统在维持城市生态平衡、改善环境质量和提供居民休闲场所方面的关键作用。街道空间设计与规划则将景观设计引入实际实践, 通过剖析城市街道的规划原则和设计方法, 突出了创造人文关怀和社会互动的街道空间的紧迫性。最后, 本书对生态视角下的城市修补与生态修复规划设计提出了建议, 强调城市环境更新与修复对于促进城市可持续发展的重要性。 | |
| 606 | 0 | @a城市空间@Acheng shi kong jian@x空间规划@x研究 |
| 690 | @aTU984.11@v5 | |
| 701 | 0 | @a王云@Awang yun@4著 |
| 701 | 0 | @a徐晓晨@Axu xiao chen@4著 |
| 701 | 0 | @a范印@Afan yin@4著 |
| 801 | 0 | @aCN@c20250909 |
| 905 | @a河南城建学院图书馆@dTU984.11@eW445@f1 | |
| 生态视角下城市空间规划与设计探索/王云, 徐晓晨, 范印著.-长春:吉林科学技术出版社,2024.08 |
| 276页;24cm |
| ISBN 978-7-5744-1696-3:CNY88.00 |
| 本书提出了在城市规划中融入生态系统的理念, 通过深刻理解生态原理, 提供了整合自然元素和可持续原则的具体方法。聚焦于绿地、水系、湿地的战略性地位, 论述了布局以及规划设计的生态策略, 揭示了各系统在维持城市生态平衡、改善环境质量和提供居民休闲场所方面的关键作用。街道空间设计与规划则将景观设计引入实际实践, 通过剖析城市街道的规划原则和设计方法, 突出了创造人文关怀和社会互动的街道空间的紧迫性。最后, 本书对生态视角下的城市修补与生态修复规划设计提出了建议, 强调城市环境更新与修复对于促进城市可持续发展的重要性。 |
| ● |
| 相关链接 |
|
|
|
正题名:生态视角下城市空间规划与设计探索
索取号:TU984.11/W445
 
预约/预借
| 序号 | 登录号 | 条形码 | 馆藏地/架位号 | 状态 | 备注 |
| 1 | 1623834 | 216238346 | 建筑库201/201建筑库 62排6列1层/ [索取号:TU984.11/W445] | 在馆 |